| 000 | 00435nam a2200157Ia 4500 | ||
|---|---|---|---|
| 008 | 230711s9999||||xx |||||||||||||| ||und|| | ||
| 041 | _aENG | ||
| 082 |
_a624 _bBU-I |
||
| 100 | _aBureau of Indian Standard | ||
| 245 | 0 |
_aSI : SP 25 1984 _bHandbook on causes and prevention of cracks in buildings |
|
| 250 | _a1st | ||
| 260 |
_c1984 _aNew Delhi _bBureau of Indian Standard |
||
| 300 | _a68 | ||
| 650 | _aCivil Engineering | ||
| 942 | _cBK | ||
| 999 |
_c1603 _d1603 |
||